[Event "FIDE World Senior Team Championship 2020"]
[Site "Olympik hotel, Sokolovska 138,"]
[Date "2020.03.12"]
[Round "7.13"]
[White "Kastner, Oldrich"]
[Black "Schulenburg, Bernd"]
[Result "1/2-1/2"]
[WhiteElo "1965"]
[BlackElo "2175"]
[PlyCount "53"]
[EventDate "2020.03.06"]
[WhiteTeam "CZE9"]
[BlackTeam "GER2"]

1. d4 Nf6 2. Nf3 d5 3. g3 Bf5 4. Bg2 h6 5. c4 c6 6. O-O e6 7. Nc3 dxc4 8. Ne5
Be7 9. Nxc4 O-O 10. Qb3 Qc8 11. e4 Bg6 12. Ne5 Bh7 13. Bf4 Na6 14. Rac1 Nd7 15.
Nc4 Nb6 16. Nxb6 axb6 17. a3 b5 18. Rfd1 Qe8 19. Rd2 Rc8 20. Qd1 Bg5 21. Bxg5
hxg5 22. Qg4 Qe7 23. e5 b4 24. axb4 Nxb4 25. Be4 f5 26. exf6 gxf6 27. Bxh7+
1/2-1/2

[Event "FIDE World Senior Team Championship 2020"]
[Site "Olympik hotel, Sokolovska 138,"]
[Date "2020.03.12"]
[Round "7.13"]
[White "Vodicka, Pavel"]
[Black "Haentsch, Ralf"]
[Result "1-0"]
[WhiteElo "1963"]
[BlackElo "2087"]
[PlyCount "61"]
[EventDate "2020.03.06"]
[WhiteTeam "CZE9"]
[BlackTeam "GER2"]

1. d4 Nf6 2. c4 e6 3. Nc3 Bb4 4. Qc2 c5 5. e3 Nc6 6. Nf3 Qa5 7. Bd2 O-O 8. Bd3
cxd4 9. exd4 Bxc3 10. bxc3 b6 11. O-O h6 12. Rfe1 d6 13. Rab1 Ba6 14. Rb5 Bxb5
15. cxb5 Rac8 16. Qb3 a6 17. bxc6 Rxc6 18. h3 Rfc8 19. c4 Qh5 20. d5 exd5 21.
cxd5 Qxd5 22. Qxd5 Nxd5 23. Bxa6 Rd8 24. Bb5 Rc5 25. a4 Kf8 26. Bc1 Rc2 27. Ba3
Nc3 28. Bxd6+ Kg8 29. Bc7 Rd5 30. Bc4 Rc5 31. Re8+ 1-0

[Event "FIDE World Senior Team Championship 2020"]
[Site "Olympik hotel, Sokolovska 138,"]
[Date "2020.03.12"]
[Round "7.14"]
[White "Jakel, Wolfgang"]
[Black "Nudcenko, Karel"]
[Result "1-0"]
[WhiteElo "2260"]
[BlackElo "2004"]
[PlyCount "191"]
[EventDate "2020.03.06"]
[WhiteTeam "GER4"]
[BlackTeam "CZE11"]

1. c4 e6 2. Nc3 d5 3. d4 Nf6 4. Nf3 Be7 5. Bg5 c6 6. cxd5 exd5 7. Qc2 O-O 8. e3
Nbd7 9. Bd3 h6 10. Bf4 c5 11. O-O c4 12. Be2 a6 13. a4 b6 14. e4 Bb7 15. e5 Nh7
16. b3 Rc8 17. Rfd1 Ng5 18. bxc4 Nxf3+ 19. Bxf3 Rxc4 20. Qb3 Qa8 21. Rd3 Rd8
22. Nd1 Rb4 23. Qc3 Rc4 24. Qd2 Nf8 25. Bg4 Bc8 26. Rg3 Bxg4 27. Rxg4 Ng6 28.
e6 Rc6 29. exf7+ Kxf7 30. Be5 Nxe5 31. dxe5 Rc4 32. Rxc4 dxc4 33. Qf4+ Ke8 34.
Ne3 c3 35. e6 Bf6 36. Qc7 Be7 37. Nf5 1-0

[Event "FIDE World Senior Team Championship 2020"]
[Site "Olympik hotel, Sokolovska 138,"]
[Date "2020.03.12"]
[Round "7.14"]
[White "Bazantova, Marie"]
[Black "Sandten, Ulrich"]
[Result "0-1"]
[WhiteElo "1925"]
[BlackElo "2100"]
[PlyCount "73"]
[EventDate "2020.03.06"]
[WhiteTeam "CZE11"]
[BlackTeam "GER4"]

1. e4 e6 2. d4 d5 3. exd5 exd5 4. Nf3 Bd6 5. Bd3 Nc6 6. h3 Nge7 7. O-O Be6 8.
Re1 Qd7 9. Bf1 h6 10. c3 O-O-O 11. b4 g5 12. b5 Na5 13. Ne5 Bxe5 14. dxe5 Kb8
15. Ba3 Nf5 16. Bb4 Nc4 17. a4 Qe8 18. Nd2 h5 19. g3 Nxd2 20. Qxd2 Rg8 21. Qe2
h4 22. g4 Ne7 23. Qe3 Qd7 24. Bxe7 Qxe7 25. a5 b6 26. axb6 cxb6 27. Ra4 Rd7 28.
Rea1 Rc8 29. Qxb6+ axb6 30. Ra8+ Kc7 0-1

[Event "FIDE World Senior Team Championship 2020"]
[Site "Olympik hotel, Sokolovska 138,"]
[Date "2020.03.12"]
[Round "7.14"]
[White "Zimmermann, Rolf"]
[Black "Koblasa, Josef"]
[Result "1-0"]
[WhiteElo "2090"]
[BlackElo "1938"]
[PlyCount "60"]
[EventDate "2020.03.06"]
[WhiteTeam "GER4"]
[BlackTeam "CZE11"]

1. c4 c5 2. Nc3 Nc6 3. g3 g6 4. Bg2 Bg7 5. e3 d6 6. Nge2 Bf5 7. d3 Qd7 8. h3
Nf6 9. g4 Be6 10. Nf4 h6 11. Rb1 Rb8 12. Qd2 a6 13. b3 b5 14. d4 b4 15. Na4
Bxc4 16. bxc4 Nxd4 17. Qd1 Nc6 18. Nb2 O-O 19. Qa4 Rfc8 20. Nbd3 Ne5 21. Qxd7
Nxd3+ 22. Nxd3 Nxd7 23. Bb2 Nb6 24. Bxg7 Kxg7 25. Nb2 a5 26. Kd2 a4 27. Rhc1 a3
28. Nd1 e6 29. e4 e5 30. Ne3 Rd8 31. Bf3 Nd7 32. h4 Nf8 33. Bd1 Ne6 34. Ng2 Nd4
35. Ne1 Ra8 36. Nf3 Ne6 37. Ng1 Nd4 38. Ke3 f5 39. gxf5 gxf5 40. Ne2 f4+ 41.
Kd3 Ne6 42. Ng1 Nd4 43. Nf3 Ne6 44. Nd2 Kf6 45. Bg4 Nd4 46. Nb3 Nxb3 47. Rxb3
Rg8 48. Bf3 Rg7 49. Rbb1 Rag8 50. Kc2 Ke7 51. Kb3 Kd7 52. Rd1 Kc7 53. Rd3 Rd8
54. Rbd1 Rgg8 55. Rh1 Rg7 56. Kc2 Rdg8 57. Rdd1 Kc6 58. Kd2 Kc7 59. Rb1 Kc6 60.
Ke2 Kc7 61. Kf1 Kc6 62. Bd1 Kc7 63. Ba4 Ra8 64. Bb3 Rag8 65. Rd1 Rg4 66. Bc2
R4g7 67. Rd3 Rg4 68. Bd1 R4g7 69. Bh5 Kc6 70. Ke2 Kd7 71. Kf3 Kc6 72. Rhd1 Rd8
73. Bg4 Rg6 74. Bf5 Rgg8 75. h5 Kc7 76. Bg6 Kc6 77. Rg1 Rb8 78. Rb3 Kc7 79. Rg4
Kd8 80. Kg2 Ke7 81. f3 Kf6 82. Kf2 Rb7 83. Ke2 Rbg7 84. Kd2 Rb8 85. Kc2 Rbb7
86. Rd3 Rb6 87. Kb3 Ra6 88. Rd1 Rb6 89. Rdg1 Rb8 90. Bf5 Rg5 91. Rxg5 hxg5 92.
h6 Rh8 93. h7 d5 94. cxd5 Rb8 95. Be6 Rh8 96. Bg8 1-0

[Event "FIDE World Senior Team Championship 2020"]
[Site "Olympik hotel, Sokolovska 138,"]
[Date "2020.03.12"]
[Round "7.14"]
[White "Kozak, Karel"]
[Black "Hoehn, Michael"]
[Result "1-0"]
[WhiteElo "1856"]
[BlackElo "2036"]
[PlyCount "119"]
[EventDate "2020.03.06"]
[WhiteTeam "CZE11"]
[BlackTeam "GER4"]

1. e4 d6 2. d4 Nf6 3. Nc3 c6 4. a4 Qa5 5. Bd2 e5 6. Nge2 Qc7 7. h3 Nbd7 8. Be3
a6 9. g3 b6 10. Bg2 Bb7 11. O-O Be7 12. Qd2 O-O 13. g4 d5 14. Ng3 dxe4 15. Nf5
Bb4 16. Qe2 exd4 17. Bxd4 c5 18. Bxf6 Nxf6 19. Nxe4 Nxe4 20. Bxe4 Rfe8 21. Ng3
c4 22. Qf3 Rxe4 23. Nxe4 Re8 24. Rfe1 Bxe1 25. Rxe1 Re6 26. Qg2 Kf8 27. f3 Qf4
28. Qh2 Qxh2+ 29. Kxh2 h6 30. Kg3 Ke7 31. Kf4 g5+ 32. Ke3 Bxe4 33. fxe4 Rd6 34.
Rf1 f6 35. h4 b5 36. axb5 axb5 37. hxg5 hxg5 38. Rf5 Rb6 39. Kd4 Ke6 40. Kc5
Rb8 41. Kb4 Rd8 42. Kc3 Rb8 43. Rd5 Rh8 44. Rxb5 Rh4 45. Kxc4 Rxg4 46. Kd4 Rf4
47. Ke3 Rf1 48. c4 Re1+ 49. Kf3 g4+ 50. Kf4 g3 51. Rb6+ Kd7 52. Kxg3 Rxe4 53.
c5 f5 54. b4 Rc4 55. Kf3 Kc7 56. Ke3 Rh4 57. Kd3 Kc8 58. Kc3 Kc7 59. Rf6 Kb7
60. Kb3 1-0

[Event "FIDE World Senior Team Championship 2020"]
[Site "Olympik hotel, Sokolovska 138,"]
[Date "2020.03.12"]
[Round "7.15"]
[White "Pilar, Miloslav"]
[Black "Bretsnajdr, Vladimir"]
[Result "1/2-1/2"]
[WhiteElo "2056"]
[BlackElo "2230"]
[PlyCount "20"]
[EventDate "2020.03.06"]
[WhiteTeam "CZE7"]
[BlackTeam "CZE13"]

1. d4 Nf6 2. Nf3 e6 3. c4 c5 4. Nc3 cxd4 5. Nxd4 Nc6 6. e3 d5 7. cxd5 exd5 8.
Be2 Be7 9. O-O O-O 10. Bf3 Re8 1/2-1/2

[Event "FIDE World Senior Team Championship 2020"]
[Site "Olympik hotel, Sokolovska 138,"]
[Date "2020.03.12"]
[Round "7.15"]
[White "Vanek, Petr"]
[Black "Sura, Jaroslav"]
[Result "1/2-1/2"]
[WhiteElo "2076"]
[BlackElo "2013"]
[PlyCount "20"]
[EventDate "2020.03.06"]
[WhiteTeam "CZE7"]
[BlackTeam "CZE13"]

1. e4 e5 2. Nf3 Nc6 3. Bb5 a6 4. Ba4 Nf6 5. O-O Nxe4 6. Re1 Nc5 7. Bxc6 dxc6 8.
Nxe5 Be7 9. d4 Ne6 10. Be3 O-O 1/2-1/2

[Event "FIDE World Senior Team Championship 2020"]
[Site "Olympik hotel, Sokolovska 138,"]
[Date "2020.03.12"]
[Round "7.17"]
[White "Nemec, Pavel"]
[Black "Jahn, Constanze"]
[Result "1-0"]
[WhiteElo "2224"]
[BlackElo "2048"]
[PlyCount "105"]
[EventDate "2020.03.06"]
[WhiteTeam "CZE12"]
[BlackTeam "GERW1"]

1. e4 c5 2. Nf3 Nc6 3. d4 cxd4 4. Nxd4 e6 5. Nc3 a6 6. Nxc6 bxc6 7. Bd3 d5 8.
O-O Bd6 9. Qe2 Ne7 10. e5 Bc5 11. Na4 Ba7 12. b3 Ng6 13. Ba3 Qg5 14. Rae1 Nf4
15. Qf3 Nxd3 16. Qxd3 f5 17. Qc3 Bd7 18. Bc5 Qd8 19. f4 Qe7 20. Nb6 Bxb6 21.
Bxb6 Kf7 22. Bc5 Qd8 23. Re3 g6 24. Qd4 Rc8 25. b4 Ra8 26. Rff3 h5 27. Rg3 Be8
28. Ra3 Bd7 29. Ra5 Bc8 30. Bd6 Rh7 31. Rc3 Bb7 32. Rac5 Kg8 33. Rg3 Rg7 34. a4
Kh7 35. a5 Rc8 36. Rcc3 Ra8 37. Bc5 Qd7 38. Rg5 Rh8 39. Rd3 Rc8 40. Qf2 Qf7 41.
Kf1 Qe8 42. Ke1 Rd8 43. Kd2 Rc8 44. Kc3 Rd8 45. Kd4 Qf7 46. h3 Kg8 47. g4 hxg4
48. hxg4 fxg4 49. Rg3 Bc8 50. R3xg4 Bd7 51. Qh2 Be8 52. Rh4 Qb7 53. Rh8+ 1-0

[Event "FIDE World Senior Team Championship 2020"]
[Site "Olympik hotel, Sokolovska 138,"]
[Date "2020.03.12"]
[Round "7.17"]
[White "Mai, Iris"]
[Black "Buksa, Jaromir"]
[Result "0-1"]
[WhiteElo "2035"]
[BlackElo "2084"]
[PlyCount "82"]
[EventDate "2020.03.06"]
[WhiteTeam "GERW1"]
[BlackTeam "CZE12"]

1. d4 Nf6 2. Nf3 e6 3. g3 d5 4. Bg2 c5 5. O-O cxd4 6. Nxd4 Nc6 7. Nxc6 bxc6 8.
b3 Bd6 9. Bb2 O-O 10. Nd2 Re8 11. e4 e5 12. c4 d4 13. Qc2 c5 14. Nf3 Bb7 15.
Ne1 a5 16. a4 Qb6 17. Ba3 Rab8 18. Rb1 Bc6 19. Rb2 Qb7 20. f3 Qe7 21. Nd3 Rb7
22. Qd2 Reb8 23. Rfb1 Ra7 24. Qe1 g5 25. Re2 Rab7 26. Rbb2 Rxb3 27. Qb1 Bxa4
28. Nc1 Rxb2 29. Rxb2 Rxb2 30. Qxb2 Qc7 31. Qd2 h6 32. h4 Nh7 33. Nd3 Bb3 34.
hxg5 hxg5 35. Bh3 Bxc4 36. Nb2 Ba6 37. Bf5 c4 38. Bxd6 Qxd6 39. Qxa5 c3 40. Na4
c2 41. Qd2 Qc6 0-1

[Event "FIDE World Senior Team Championship 2020"]
[Site "Olympik hotel, Sokolovska 138,"]
[Date "2020.03.12"]
[Round "7.17"]
[White "Horyna, Josef"]
[Black "Skibbe, Diana"]
[Result "1-0"]
[WhiteElo "1756"]
[BlackElo "2008"]
[PlyCount "59"]
[EventDate "2020.03.06"]
[WhiteTeam "CZE12"]
[BlackTeam "GERW1"]

1. d4 f5 2. g3 Nf6 3. Bg2 g6 4. c4 Bg7 5. Nc3 d6 6. Nf3 O-O 7. O-O Qe8 8. Re1
Qf7 9. Qb3 h6 10. c5 Qxb3 11. axb3 c6 12. e4 dxc5 13. exf5 Bxf5 14. Rxe7 Nbd7
15. dxc5 a6 16. b4 Rae8 17. Rxe8 Rxe8 18. Be3 Ng4 19. Bd4 Nge5 20. Nxe5 Bxe5
21. Re1 Kf7 22. Bxe5 Nxe5 23. Ne4 Re7 24. Nd6+ Kf6 25. Re3 Rd7 26. Bf1 Ng4 27.
Re8 Ne5 28. f4 Nf3+ 29. Kg2 Ne1+ 30. Rxe1 1-0

[Event "FIDE World Senior Team Championship 2020"]
[Site "Olympik hotel, Sokolovska 138,"]
[Date "2020.03.12"]
[Round "7.17"]
[White "Jeske, Kirsten"]
[Black "Zabehlicky, Jiri"]
[Result "1/2-1/2"]
[WhiteElo "1953"]
[BlackElo "1462"]
[PlyCount "64"]
[EventDate "2020.03.06"]
[WhiteTeam "GERW1"]
[BlackTeam "CZE12"]

1. e4 e5 2. Nc3 Nc6 3. Bc4 Nf6 4. d3 d6 5. Nge2 Be6 6. Bxe6 fxe6 7. f4 Qd7 8.
O-O O-O-O 9. a3 d5 10. fxe5 Nxe5 11. d4 Nc6 12. e5 Ne8 13. Be3 Be7 14. b3 h5
15. Na4 g5 16. c4 Ng7 17. c5 Nf5 18. Bf2 Nh4 19. Rc1 Rdg8 20. Qd3 g4 21. Be1
Bg5 22. Bd2 Bxd2 23. Qxd2 Qh7 24. b4 Qh6 25. Qxh6 Rxh6 26. Nf4 g3 27. h3 Kd7
28. Nb2 a6 29. Nbd3 Rg7 30. a4 b5 31. a5 Rh8 32. Rb1 Rhg8 1/2-1/2

[Event "FIDE World Senior Team Championship 2020"]
[Site "Olympik hotel, Sokolovska 138,"]
[Date "2020.03.12"]
[Round "7.18"]
[White "Goldinger, Peter"]
[Black "Yrjola, Jouni"]
[Result "0-1"]
[WhiteElo "2052"]
[BlackElo "2309"]
[PlyCount "68"]
[EventDate "2020.03.06"]
[WhiteTeam "GER6"]
[BlackTeam "FIN"]

1. c4 g6 2. Nc3 Bg7 3. Nf3 d6 4. d4 Bg4 5. e3 Nf6 6. Be2 O-O 7. O-O c5 8. Qd2
Nc6 9. b3 d5 10. Bb2 dxc4 11. bxc4 cxd4 12. exd4 Bxf3 13. Bxf3 Nxd4 14. Qd3 Nd7
15. Be2 Ne5 16. Qd1 Nxe2+ 17. Qxe2 Qd3 18. c5 Rac8 19. Qe4 Rxc5 20. Qxb7 Qd7
21. Qxd7 Nxd7 22. Rad1 Nb6 23. Ne4 Rc2 24. Bxg7 Kxg7 25. a3 Rfc8 26. f4 Ra2 27.
Rf3 Rc4 28. Re1 e6 29. h3 Rcc2 30. Rg3 Nd5 31. f5 exf5 32. Nd6 f4 33. Ne8+ Kf8
34. Rg5 Ne3 0-1

[Event "FIDE World Senior Team Championship 2020"]
[Site "Olympik hotel, Sokolovska 138,"]
[Date "2020.03.12"]
[Round "7.18"]
[White "Asomaki, Pekka"]
[Black "Klaiss, Thomas"]
[Result "1-0"]
[WhiteElo "2122"]
[BlackElo "1991"]
[PlyCount "143"]
[EventDate "2020.03.06"]
[WhiteTeam "FIN"]
[BlackTeam "GER6"]

1. e4 e5 2. Nf3 Nf6 3. Nxe5 d6 4. Nf3 Nxe4 5. d4 d5 6. Bd3 Be7 7. O-O O-O 8. c4
c6 9. Nc3 Nxc3 10. bxc3 dxc4 11. Bxc4 Bg4 12. h3 Bh5 13. Bf4 Nd7 14. g4 Bg6 15.
Ne5 Nb6 16. Nxg6 hxg6 17. Bb3 Nd5 18. Bd2 g5 19. Qf3 Qd6 20. Rfe1 Bf6 21. Re2
Rae8 22. Rae1 Rxe2 23. Rxe2 Nf4 24. Re4 Ng6 25. Qd3 Bd8 26. Bc2 Qd7 27. f4 Re8
28. fxg5 Bc7 29. Kf1 Rxe4 30. Qxe4 Qd6 31. Qe8+ Nf8 32. g6 Qf6+ 33. Kg2 fxg6
34. Bb3+ Kh7 35. g5 Qf5 36. Qe1 Kh8 37. Qe7 Bf4 38. Bf7 Bd6 39. Qxd6 Qxf7 40.
c4 Kh7 41. d5 cxd5 42. cxd5 Qf5 43. Bf4 Nd7 44. Qe6 Nb6 45. Qxf5 gxf5 46. d6
Nd7 47. Kf3 Kg6 48. h4 Kf7 49. h5 Ke6 50. Ke3 a6 51. Kd4 b6 52. Bg3 Nf8 53. Be5
g6 54. Bg7 Nh7 55. hxg6 Nxg5 56. Bh6 Ne4 57. g7 Nf6 58. Bg5 Ng8 59. Be7 Nh6 60.
Bf8 Ng8 61. Ke3 Nf6 62. Be7 Ng8 63. Kf4 b5 64. Ke3 a5 65. Kd4 f4 66. Kc5 f3 67.
Bh4 Kd7 68. Bg3 b4 69. Kb5 f2 70. Bxf2 Kxd6 71. Kxa5 Kc6 72. Kxb4 1-0

[Event "FIDE World Senior Team Championship 2020"]
[Site "Olympik hotel, Sokolovska 138,"]
[Date "2020.03.12"]
[Round "7.18"]
[White "Mueller, Thomas"]
[Black "Salonen, Jyrki"]
[Result "1/2-1/2"]
[WhiteElo "2020"]
[BlackElo "2111"]
[PlyCount "26"]
[EventDate "2020.03.06"]
[WhiteTeam "GER6"]
[BlackTeam "FIN"]

1. d4 d6 2. Nf3 g6 3. c4 Bg7 4. Nc3 Nd7 5. e4 e5 6. d5 Ne7 7. g4 O-O 8. Rg1 Kh8
9. Be2 a5 10. Be3 Nc5 11. Qc2 Ng8 12. h3 b6 13. O-O-O Bd7 1/2-1/2

[Event "FIDE World Senior Team Championship 2020"]
[Site "Olympik hotel, Sokolovska 138,"]
[Date "2020.03.12"]
[Round "7.18"]
[White "Kopsa, Petri"]
[Black "Dieterle-Bard, Bernhard"]
[Result "0-1"]
[WhiteElo "2085"]
[BlackElo "1865"]
[PlyCount "104"]
[EventDate "2020.03.06"]
[WhiteTeam "FIN"]
[BlackTeam "GER6"]

1. d4 Nf6 2. Bf4 d5 3. e3 e6 4. Nf3 c5 5. c3 Nc6 6. Nbd2 Bd6 7. Bg3 O-O 8. Bd3
h6 9. Ne5 Bxe5 10. dxe5 Nd7 11. Qh5 Qg5 12. Qxg5 hxg5 13. f4 f6 14. exf6 gxf6
15. fxg5 Nde5 16. Be2 fxg5 17. O-O-O Bd7 18. h3 Be8 19. Nf3 Nxf3 20. Bxf3 Rd8
21. h4 g4 22. Bxg4 e5 23. h5 Bd7 24. Bf3 Be6 25. h6 Kh7 26. Rh5 e4 27. Be2 Rg8
28. Bh4 Rd7 29. g3 Rg6 30. Bg5 Ne5 31. Bf4 Nf3 32. Bb5 Rd8 33. c4 d4 34. Rxc5
d3 35. Rc7+ Kh8 36. Rxb7 d2+ 37. Kc2 Ne1+ 38. Kb1 Nf3 39. Rxa7 Bg4 40. Ba4 Re6
41. Rd7 Ra8 42. Bb3 Rxh6 43. Bxh6 Bxd7 44. Bf4 Be6 45. Kc2 Rd8 46. Kc3 Rd3+ 47.
Kb4 Ne1 48. Be5+ Kh7 49. Bf4 Bg4 50. c5 Rxb3+ 51. axb3 Bxd1 52. Kc3 Nf3 0-1

[Event "FIDE World Senior Team Championship 2020"]
[Site "Olympik hotel, Sokolovska 138,"]
[Date "2020.03.12"]
[Round "7.19"]
[White "Jackson, Sheila"]
[Black "Korenek, Frantisek"]
[Result "1/2-1/2"]
[WhiteElo "2085"]
[BlackElo "1952"]
[PlyCount "44"]
[EventDate "2020.03.06"]
[WhiteTeam "ENGW"]
[BlackTeam "CZE10"]

1. e4 c5 2. d4 cxd4 3. c3 d3 4. Bxd3 Nc6 5. Nf3 g6 6. O-O Bg7 7. Be3 d6 8. h3
Nf6 9. Nbd2 O-O 10. Re1 Qc7 11. a4 Nd7 12. Rc1 Nde5 13. Bf1 Nxf3+ 14. Nxf3 Bd7
15. Nd4 a6 16. b3 Rfc8 17. Be2 Qd8 18. f4 Nxd4 19. cxd4 Rxc1 20. Qxc1 Rc8 21.
Qd2 Be6 22. Rb1 Qc7 1/2-1/2

[Event "FIDE World Senior Team Championship 2020"]
[Site "Olympik hotel, Sokolovska 138,"]
[Date "2020.03.12"]
[Round "7.19"]
[White "Hejda, Antonin"]
[Black "Bellin, Jana M"]
[Result "1/2-1/2"]
[WhiteElo "1907"]
[BlackElo "2020"]
[PlyCount "74"]
[EventDate "2020.03.06"]
[WhiteTeam "CZE10"]
[BlackTeam "ENGW"]

1. Nf3 Nf6 2. d4 b6 3. g3 Bb7 4. Bg2 c5 5. dxc5 bxc5 6. c4 g6 7. Nc3 Bg7 8. O-O
O-O 9. Bg5 d6 10. Qd2 Nbd7 11. Bh6 Rb8 12. Bxg7 Kxg7 13. b3 Qb6 14. Rad1 Qb4
15. Qb2 Bc6 16. Nd5 Bxd5 17. cxd5 Nb6 18. Nd2 Kg8 19. e4 Na4 20. Qc2 Nc3 21.
Rde1 Nb5 22. Nf3 Rfc8 23. Qd3 Qc3 24. Qd1 Nd7 25. Bh3 Rc7 26. Bxd7 Rxd7 27. e5
Nd4 28. Nxd4 Qxd4 29. Qxd4 cxd4 30. e6 Rc7 31. exf7+ Kxf7 32. Re4 Rb4 33. Rd1
Rc2 34. Rde1 Rb7 35. Rxd4 Rxa2 36. Rh4 Kg7 37. Rhe4 Kf7 1/2-1/2

[Event "FIDE World Senior Team Championship 2020"]
[Site "Olympik hotel, Sokolovska 138,"]
[Date "2020.03.12"]
[Round "7.19"]
[White "Lauterbach, Ingrid"]
[Black "Musil, Martin"]
[Result "0-1"]
[WhiteElo "2057"]
[BlackElo "1937"]
[PlyCount "38"]
[EventDate "2020.03.06"]
[WhiteTeam "ENGW"]
[BlackTeam "CZE10"]

1. e4 e6 2. d3 d5 3. Nd2 c5 4. g3 Nc6 5. Ngf3 Nf6 6. Bg2 Be7 7. O-O O-O 8. c3
Qc7 9. Qc2 b6 10. exd5 exd5 11. Re1 Re8 12. Nf1 Bb7 13. Bf4 Qd7 14. Ne3 Nh5 15.
Nxd5 Qxd5 16. Ne5 Qxg2+ 17. Kxg2 Nd4+ 18. f3 Nxf4+ 19. gxf4 Nxc2 0-1

[Event "FIDE World Senior Team Championship 2020"]
[Site "Olympik hotel, Sokolovska 138,"]
[Date "2020.03.12"]
[Round "7.19"]
[White "Postupa, Pavel"]
[Black "Fink-Nunn, Petra"]
[Result "1-0"]
[WhiteElo "1936"]
[BlackElo "1983"]
[PlyCount "63"]
[EventDate "2020.03.06"]
[WhiteTeam "CZE10"]
[BlackTeam "ENGW"]

1. e4 e5 2. Nf3 Nc6 3. Bb5 f5 4. Nc3 fxe4 5. Nxe4 Nf6 6. Nxf6+ Qxf6 7. O-O Bc5
8. Bxc6 bxc6 9. Qe2 O-O 10. Qc4+ d5 11. Qxc5 e4 12. Ne1 Ba6 13. d3 Rae8 14. Be3
Re6 15. Qxa7 Bc8 16. Qd4 Qh4 17. g3 Qh3 18. Ng2 Ref6 19. dxe4 Bg4 20. e5 Rf3
21. a4 R8f5 22. a5 Rh5 23. Nh4 g5 24. Ra4 Rxh4 25. gxh4 Rf4 26. f3 Rxd4 27.
Rxd4 Bxf3 28. Rf2 Be4 29. Bxg5 c5 30. Rdd2 d4 31. Bh6 Bf5 32. Rxf5 1-0

[Event "FIDE World Senior Team Championship 2020"]
[Site "Olympik hotel, Sokolovska 138,"]
[Date "2020.03.12"]
[Round "7.21"]
[White "Schulz, Petra"]
[Black "Grosselohmann, Gerhard"]
[Result "1/2-1/2"]
[WhiteElo "2027"]
[BlackElo "1965"]
[PlyCount "85"]
[EventDate "2020.03.06"]
[WhiteTeam "GERW2"]
[BlackTeam "GER9"]

1. e4 c5 2. Nf3 d6 3. Bb5+ Nc6 4. O-O Bd7 5. Re1 g6 6. c3 Bg7 7. d4 a6 8. Bxc6
Bxc6 9. d5 Bd7 10. e5 Bg4 11. e6 fxe6 12. Qa4+ Qd7 13. Qxg4 exd5 14. Qxd7+ Kxd7
15. Ng5 Nf6 16. Ne6 Rhg8 17. Nxg7 Rxg7 18. Bh6 Rf7 19. f3 e5 20. Nd2 Re8 21. a4
b6 22. c4 dxc4 23. Nxc4 Kc6 24. Rad1 Re6 25. Bg5 Nd7 26. Ne3 b5 27. axb5+ axb5
28. Nd5 Nb6 29. Nxb6 Kxb6 30. Ra1 Rd7 31. Ra8 Ra7 32. Rxa7 Kxa7 33. b4 c4 34.
Ra1+ Kb7 35. Be3 d5 36. Ra5 Kc6 37. Ra6+ Kd7 38. Ra7+ Kc6 39. Ra6+ Kd7 40. Rxe6
Kxe6 41. Bh6 d4 42. Kf2 Kd5 43. Ke2 1/2-1/2

[Event "FIDE World Senior Team Championship 2020"]
[Site "Olympik hotel, Sokolovska 138,"]
[Date "2020.03.12"]
[Round "7.21"]
[White "Buchholz, Ralf"]
[Black "Sommaro, Katja"]
[Result "1/2-1/2"]
[WhiteElo "1851"]
[BlackElo "2075"]
[PlyCount "101"]
[EventDate "2020.03.06"]
[WhiteTeam "GER9"]
[BlackTeam "GERW2"]

1. Nf3 g6 2. g3 Bg7 3. Bg2 e5 4. Nc3 d5 5. d3 Ne7 6. e4 d4 7. Ne2 c5 8. c3 Nbc6
9. cxd4 cxd4 10. Bd2 O-O 11. O-O Qb6 12. b3 a5 13. a3 Be6 14. Rb1 f6 15. Nc1
Rfc8 16. h4 Qc5 17. Ra1 b5 18. Ne1 Qd6 19. f4 Qd7 20. Kh2 Ra7 21. Ne2 Kh8 22.
Ng1 a4 23. b4 Bb3 24. Qe2 Ng8 25. Bh3 Be6 26. f5 gxf5 27. Bxf5 Bxf5 28. Rxf5
Nce7 29. Rh5 Qe8 30. g4 Qg6 31. Nh3 Rac7 32. g5 f5 33. Nf2 f4 34. Qg4 Rf8 35.
Rc1 Rxc1 36. Bxc1 Nc6 37. Bd2 Nd8 38. Nf3 Ne7 39. Kh3 Kg8 40. Be1 Qf7 41. g6
hxg6 42. Rg5 Ne6 43. Rxe5 Bxe5 44. Nxe5 Qf6 45. Nd7 Qf7 46. Nxf8 Kxf8 47. Qf3
g5 48. Qg4 Qf6 49. hxg5 Nxg5+ 50. Kg2 Qg6 51. Qxf4+ 1/2-1/2

[Event "FIDE World Senior Team Championship 2020"]
[Site "Olympik hotel, Sokolovska 138,"]
[Date "2020.03.12"]
[Round "7.21"]
[White "Arnhold, Kerstin"]
[Black "Schwieger, Wolfgang"]
[Result "0-1"]
[WhiteElo "1979"]
[BlackElo "1835"]
[PlyCount "86"]
[EventDate "2020.03.06"]
[WhiteTeam "GERW2"]
[BlackTeam "GER9"]

1. e4 d6 2. d4 g6 3. Nc3 Bg7 4. f4 c6 5. Nf3 f6 6. Bc4 b5 7. Bb3 b4 8. Ne2 a5
9. c3 Nh6 10. O-O Nf7 11. Bxf7+ Kxf7 12. cxb4 Ba6 13. bxa5 Qxa5 14. Qb3+ d5 15.
Rf2 Bc4 16. Qc2 Qa6 17. e5 Rc8 18. Be3 Nd7 19. Ne1 Rcb8 20. f5 gxf5 21. e6+
Kxe6 22. Qxf5+ Kf7 23. Nf4 Nf8 24. Nf3 Kg8 25. Ne6 Qc8 26. Nxg7 Kxg7 27. Qh5
Rxa2 28. Rxa2 Bxa2 29. Bh6+ Kg8 30. Ne5 Qe6 31. Nd3 Bc4 32. Re2 Qf7 33. Qh3 Ng6
34. Rc2 e6 35. Nc5 Re8 36. b3 Bb5 37. Qc3 Qe7 38. Rf2 e5 39. dxe5 Qxe5 40. Qxe5
Rxe5 41. g3 Re1+ 42. Kg2 Re2 43. Ne6 Rxe6 0-1

[Event "FIDE World Senior Team Championship 2020"]
[Site "Olympik hotel, Sokolovska 138,"]
[Date "2020.03.12"]
[Round "7.21"]
[White "Carsten, Juergen"]
[Black "Leib, Britta"]
[Result "0-1"]
[WhiteElo "1781"]
[BlackElo "1908"]
[PlyCount "98"]
[EventDate "2020.03.06"]
[WhiteTeam "GER9"]
[BlackTeam "GERW2"]

1. e4 d6 2. d4 Nf6 3. Bd3 Nbd7 4. f4 e5 5. c3 Be7 6. Nf3 c6 7. fxe5 dxe5 8.
Nxe5 Nxe5 9. dxe5 Ng4 10. Bf4 Qc7 11. Be2 Nxe5 12. O-O O-O 13. Nd2 Be6 14. Kh1
Bd6 15. Qe1 Rfd8 16. Qg3 Ng6 17. Bxd6 Qxd6 18. Qxd6 Rxd6 19. Nc4 Rd7 20. Rad1
Rad8 21. b3 Kf8 22. Kg1 Ke7 23. Rxd7+ Rxd7 24. Kf2 b5 25. Ne3 Rd2 26. Nf5+ Bxf5
27. exf5 Nf4 28. Re1 Rxa2 29. Kf3 Nxe2 30. g4 Kf6 31. Rxe2 Rxe2 32. Kxe2 a5 33.
h4 Ke5 34. Kd3 h5 35. f6 Kxf6 36. g5+ Ke5 37. c4 a4 38. cxb5 cxb5 39. b4 g6 40.
Kc3 Ke4 41. Kb2 Kf4 42. Kc3 Kg4 43. Kd4 Kxh4 44. Kc5 a3 45. Kxb5 a2 46. Kc6
a1=Q 47. b5 Qa7 48. b6 Qb8 49. b7 Kxg5 0-1

[Event "FIDE World Senior Team Championship 2020"]
[Site "Olympik hotel, Sokolovska 138,"]
[Date "2020.03.12"]
[Round "7.22"]
[White "Vorackova, Jarmila"]
[Black "Dettmann, Holger"]
[Result "0-1"]
[WhiteElo "1824"]
[BlackElo "2012"]
[PlyCount "58"]
[EventDate "2020.03.06"]
[WhiteTeam "CZEW2"]
[BlackTeam "GER11"]

1. d4 f5 2. Bg5 Nf6 3. Bxf6 exf6 4. e3 d5 5. Bd3 Be6 6. Ne2 Bd6 7. Nd2 Nc6 8.
c3 Qd7 9. Qc2 Ne7 10. Nb3 b6 11. a4 O-O 12. O-O c5 13. dxc5 bxc5 14. c4 Rac8
15. Rfd1 Rfd8 16. cxd5 Nxd5 17. Bc4 Nb4 18. Qc3 Qf7 19. Bxe6 Qxe6 20. Nxc5 Rxc5
21. Qxb4 Rd5 22. Qe1 Bxh2+ 23. Kh1 Be5 24. Rxd5 Qxd5 25. Nc3 Qb3 26. Rd1 Rb8
27. f4 Bxc3 28. Qxc3 Qxd1+ 29. Kh2 Qb3 0-1